000 00702nam a2200229 i 4500
001 bg
100 1 _aTRACZ, Grzegorz
245 1 0 _aUmowa gwarancji :
_bze szczególnym uwzględnieniem gwarancji bankowej /
_cGrzegorz Tracz.
250 _aStan prawny na 1 września 1997 r.
260 _aKraków :
_b"Zakamycze",
_c1998.
300 _a341 s. ;
_c20 cm.
504 _aBibliogr. s. 331-341.
650 9 _aUmowa gwarancji
_xprawo
_zPolska
_ystan na 1997 r.
650 9 _aUmowa gwarancji
_xprawo
_zEuropa
_ystan na 1997 r.
020 _a8386393874
040 _cBPK
041 0 _apl
080 _a347.73:346.54
920 _a83-86393-87-4
942 _cKS
008 s pl f |000 0 pol
999 _c33719
_d33719
856 _uhttp://koha.tu.koszalin.pl/cgi-bin/koha/opac-detail.pl?biblionumber=33719
_yKatalog online BPK